000 00656nab a2200229 a 4500
001 18694
003 48758
005 20201118095749.0
008 ||||||n9999 ||| || ||
041 _aspa
100 _aKalmanovitz Krauter, Salomón
245 0 _aSigamos hablando de la Universidad Nacional :
_bpp72-79
260 _aBogotá :
_bUniversidad Nacional de Colombia,
_c1989.
300 _app. 72-79
562 _e0
650 _aADMINISTRACIÓN DE LA EDUCACIÓN
650 _aBUROCRATIZACION
650 _aEDUCACIÓN UNIVERSITARIA
650 _aINSTITUCION DE ENSENANZA
773 _018690
_aAnálisis Político - No.6
942 _cSART
999 _c18694
_d18694